[Event "GER OS-383 email"]
[Site "GER email"]
[Date "2019.09.06"]
[Round "?"]
[White "Feldt, Klaus Juergen"]
[Black "Jaspert, Juergen"]
[Result "1/2-1/2"]
[WhiteElo "1272"]
[BlackElo "1713"]
[PlyCount "55"]
[EventDate "2019.09.06"]
[EventType "tourn (corr)"]
[EventRounds "6"]
[EventCountry "GER"]
[SourceTitle "Corr 2022"]
[Source "ChessBase"]
[SourceDate "2021.10.24"]
[SourceVersion "1"]
[SourceVersionDate "2021.10.24"]
[SourceQuality "1"]

1. e4 Nf6 2. e5 Nd5 3. c4 Nb6 4. c5 Nd5 5. Nc3 e6 6. d4 d6 7. cxd6 cxd6 8. Nf3 dxe5 9. dxe5 Be7 10. Nxd5 Qxd5 11. Qxd5 exd5 12. Be2 Nc6 13. 0-0 Be6 14. b3 0-0 15. Bb2 Rac8 16. Rac1 a6 17. Rfd1 Rfe8 18. h3 Bd8 19. Bd3 g5 20. g4 h6 21. Kh2 Bc7 22. Kg2 Nb4 23. Bb1 Nc6 24. Kh1 Bb6 25. Kg1 Rcd8 26. Bd3 Nb4 27. Bb1 Nc6 28. Bd3 1/2-1/2

[Event "GER OS-383 email"]
[Site "GER email"]
[Date "2019.09.06"]
[Round "?"]
[White "Jaspert, Juergen"]
[Black "Binder, Andreas"]
[Result "1-0"]
[WhiteElo "1713"]
[BlackElo "1806"]
[PlyCount "101"]
[EventDate "2019.09.06"]
[EventType "tourn (corr)"]
[EventRounds "6"]
[EventCountry "GER"]
[SourceTitle "Corr 2022"]
[Source "ChessBase"]
[SourceDate "2021.10.24"]
[SourceVersion "1"]
[SourceVersionDate "2021.10.24"]
[SourceQuality "1"]

1. d4 d5 2. c4 c6 3. Nf3 Nf6 4. Nc3 e6 5. e3 Nbd7 6. Bd3 dxc4 7. Bxc4 b5 8. Be2 Bb7 9. 0-0 a6 10. e4 b4 11. e5 bxc3 12. exf6 Nxf6 13. bxc3 Bd6 14. Rb1 Qc7 15. Ne5 Rb8 16. g3 Nd5 17. Rb3 0-0 18. c4 Nf6 19. Nd3 Be7 20. Bf4 Bd6 21. Bxd6 Qxd6 22. Qb1 Ba8 23. c5 Qd8 24. Rxb8 Qxb8 25. Ne5 Qd8 26. Qd3 a5 27. Nc4 Bb7 28. Nd6 Bc8 29. Bf3 Nd5 30. Rb1 f5 31. Qd2 Qc7 32. Bxd5 exd5 33. Qe3 h6 34. f4 Rd8 35. Qe2 Kh7 36. Rb3 Qa7 37. Re3 Rxd6 38. cxd6 Qxd4 39. Kg2 Qc5 40. Re8 Bd7 41. Re7 Qxd6 42. Qe5 Qxe5 43. fxe5 Bc8 44. e6 c5 45. Re8 Bb7 46. e7 d4+ 47. Kf2 Bc6 48. Rc8 Bd7 49. e8Q Bxe8 50. Rxe8 Kg6 51. Rc8 1-0

[Event "GER OS-358 email"]
[Site "GER email"]
[Date "2018.11.02"]
[Round "?"]
[White "Hagedorn, Peter"]
[Black "Jaspert, Juergen"]
[Result "1-0"]
[WhiteElo "2060"]
[BlackElo "1684"]
[PlyCount "89"]
[EventDate "2018.11.11"]
[EventType "tourn (corr)"]
[EventRounds "6"]
[EventCountry "GER"]
[SourceTitle "Corr 2022"]
[Source "ChessBase"]
[SourceDate "2021.10.24"]
[SourceVersion "1"]
[SourceVersionDate "2021.10.24"]
[SourceQuality "1"]

1. e4 e5 2. Nf3 Nc6 3. Bb5 a6 4. Ba4 Nf6 5. 0-0 Be7 6. Re1 b5 7. Bb3 0-0 8. h3 d6 9. c3 Bb7 10. d4 Re8 11. Nbd2 exd4 12. cxd4 Na5 13. Bc2 c5 14. d5 Nd7 15. Rb1 Bf6 16. b3 Bc8 17. Nf1 Ne5 18. Nxe5 Bxe5 19. f4 Bd4+ 20. Be3 Bc3 21. Bd2 Bd4+ 22. Kh1 Nb7 23. Nh2 g6 24. f5 Qe7 25. Rf1 Kh8 26. Nf3 Bf6 27. g4 Qd8 28. Bh6 b4 29. Qd2 Bc3 30. Qf2 Qf6 31. Bg5 Qg7 32. Qh4 Kg8 33. e5 dxe5 34. fxg6 hxg6 35. Bh6 Qh8 36. Ng5 Nd8 37. Nxf7 Nxf7 38. Rf6 e4 39. Rxg6+ Bg7 40. Rxg7+ Qxg7 41. Bxg7 Kxg7 42. Rf1 Ra7 43. Qf6+ Kh7 44. g5 Nh8 45. Rf4 1-0

[Event "GER OS-357 email"]
[Site "GER email"]
[Date "2018.10.24"]
[Round "?"]
[White "Jaspert, Juergen"]
[Black "Stadelmann, Hans Juergen"]
[Result "1/2-1/2"]
[WhiteElo "1698"]
[BlackElo "1726"]
[PlyCount "42"]
[EventDate "2018.11.02"]
[EventType "tourn (corr)"]
[EventRounds "6"]
[EventCountry "GER"]
[SourceTitle "Corr 2022"]
[Source "ChessBase"]
[SourceDate "2021.10.24"]
[SourceVersion "1"]
[SourceVersionDate "2021.10.24"]
[SourceQuality "1"]

1. e4 e5 2. Nf3 Nc6 3. Bb5 a6 4. Bxc6 dxc6 5. 0-0 Be6 6. Nxe5 Qd4 7. Nf3 Qxe4 8. d3 Qg6 9. Ng5 0-0-0 10. Nxe6 Qxe6 11. Nc3 Re8 12. Bf4 Bd6 13. Bxd6 cxd6 14. Qd2 Nf6 15. Rfe1 Qg4 16. Ne2 Re7 17. h3 Qd7 18. Nd4 Rxe1+ 19. Rxe1 Re8 20. b4 Rxe1+ 21. Qxe1 Qe8 1/2-1/2

[Event "GER HS-230 email"]
[Site "GER email"]
[Date "2017.08.14"]
[Round "?"]
[White "Preussner, Michael"]
[Black "Jaspert, Juergen"]
[Result "1-0"]
[WhiteElo "1896"]
[BlackElo "1748"]
[PlyCount "99"]
[EventDate "2017.08.18"]
[EventType "tourn (corr)"]
[EventRounds "6"]
[EventCountry "GER"]
[SourceTitle "Corr 2022"]
[Source "ChessBase"]
[SourceDate "2021.10.24"]
[SourceVersion "1"]
[SourceVersionDate "2021.10.24"]
[SourceQuality "1"]

1. e4 c5 2. Nf3 Nc6 3. d4 cxd4 4. Nxd4 Nf6 5. Nc3 e6 6. Ndb5 d6 7. Bf4 e5 8. Bg5 a6 9. Na3 Be6 10. Nc4 Rc8 11. Bxf6 Qxf6 12. Nb6 Rb8 13. Ncd5 Qd8 14. c3 Be7 15. Bc4 0-0 16. 0-0 Bg5 17. a4 Kh8 18. Qe2 f5 19. exf5 Bxf5 20. Bd3 Be6 21. Be4 Ne7 22. a5 Nxd5 23. Nxd5 Rf7 24. c4 Bxd5 25. Bxd5 Rf8 26. b4 Qc7 27. g3 b6 28. b5 bxa5 29. bxa6 Qc5 30. h4 Bd8 31. Qe3 Bb6 32. Qxc5 Bxc5 33. Rxa5 Ba7 34. Rb5 Rbc8 35. Kg2 Bd4 36. f3 g6 37. Rfb1 Rc7 38. Rb7 Rxb7 39. axb7 Rb8 40. Rf1 Be3 41. f4 exf4 42. gxf4 Kg7 43. Re1 Bd4 44. Re7+ Kh6 45. Kh3 Bc5 46. Kg4 Bb6 47. f5 gxf5+ 48. Kxf5 Bd4 49. Be4 Rh8 50. Ke6 1-0

[Event "GER HS-224 email"]
[Site "GER email"]
[Date "2017.05.15"]
[Round "?"]
[White "Jaspert, Juergen"]
[Black "Herzog, Klaus"]
[Result "1/2-1/2"]
[WhiteElo "1836"]
[BlackElo "1852"]
[PlyCount "52"]
[EventDate "2017.05.20"]
[EventType "tourn (corr)"]
[EventRounds "6"]
[EventCountry "GER"]
[SourceTitle "Corr 2020"]
[Source "ChessBase"]
[SourceDate "2019.09.30"]
[SourceVersion "1"]
[SourceVersionDate "2019.09.30"]
[SourceQuality "1"]

1. d4 Nf6 2. c4 g6 3. Nc3 Bg7 4. e4 0-0 5. Nf3 d6 6. h3 Na6 7. Bg5 c6 8. Be2 e5 9. d5 h6 10. Be3 cxd5 11. cxd5 Nh5 12. Nh2 Nf4 13. Bf1 Bd7 14. Rc1 Rc8 15. a3 f5 16. g3 fxe4 17. gxf4 exf4 18. Bxa7 Nc5 19. Bxc5 Rxc5 20. Nxe4 Re8 21. Bg2 Bf5 22. 0-0 Bxe4 23. Bxe4 Rxe4 24. Rxc5 dxc5 25. Nf3 Qd6 26. Qb3 b6 1/2-1/2

[Event "GER HS-224 email"]
[Site "GER email"]
[Date "2017.05.15"]
[Round "?"]
[White "Kuehn, Juergen"]
[Black "Jaspert, Juergen"]
[Result "1-0"]
[WhiteElo "1959"]
[BlackElo "1836"]
[PlyCount "85"]
[EventDate "2017.05.20"]
[EventType "tourn (corr)"]
[EventRounds "6"]
[EventCountry "GER"]
[SourceTitle "Corr 2020"]
[Source "ChessBase"]
[SourceDate "2019.09.30"]
[SourceVersion "1"]
[SourceVersionDate "2019.09.30"]
[SourceQuality "1"]

1. d4 Nf6 2. c4 e6 3. Nc3 Bb4 4. Qc2 0-0 5. a3 Bxc3+ 6. Qxc3 d6 7. e3 b6 8. Be2 Bb7 9. Nf3 a5 10. b3 Ne4 11. Qc2 Nd7 12. 0-0 f5 13. Bb2 c5 14. Rfd1 Qe7 15. Nd2 cxd4 16. exd4 Qh4 17. Nxe4 fxe4 18. g3 Qh3 19. Bf1 Qg4 20. Bc1 d5 21. Be3 Qf5 22. a4 Nb8 23. Qd2 Nc6 24. Rac1 Rf7 25. Bg2 Nb4 26. c5 Nd3 27. cxb6 Nxc1 28. Rxc1 h5 29. h4 Qf6 30. b4 axb4 31. Qxb4 Qe7 32. Rc5 Kh7 33. Bf1 Ba6 34. Bb5 Bxb5 35. Qxb5 Qb7 36. a5 Kg6 37. Bf4 Kh7 38. Kf1 Kg8 39. Qe2 Raf8 40. Kg2 g6 41. Qb5 e5 42. a6 Qe7 43. Rc7 1-0

[Event "GER MS-248 email"]
[Site "GER email"]
[Date "2016.10.17"]
[Round "?"]
[White "Jaspert, Juergen"]
[Black "Borchert, Stephan"]
[Result "1-0"]
[WhiteElo "1836"]
[BlackElo "1962"]
[PlyCount "121"]
[EventDate "2016.10.24"]
[EventType "tourn (corr)"]
[EventRounds "6"]
[EventCountry "GER"]
[SourceTitle "Corr 2020"]
[Source "ChessBase"]
[SourceDate "2019.09.30"]
[SourceVersion "1"]
[SourceVersionDate "2019.09.30"]
[SourceQuality "1"]

1. d4 Nf6 2. c4 g6 3. Nc3 Bg7 4. e4 0-0 5. Nf3 d6 6. Be2 e5 7. 0-0 Nc6 8. d5 Ne7 9. Ne1 Nd7 10. Be3 f5 11. f3 f4 12. Bf2 g5 13. a3 Rf6 14. b4 Rg6 15. c5 Nf6 16. Qd2 g4 17. Bh4 a5 18. Nd3 b6 19. Bxf6 Bxf6 20. fxg4 Bxg4 21. Bxg4 Rxg4 22. Rf3 axb4 23. cxd6 bxc3 24. dxe7 cxd2 25. exd8Q+ Bxd8 26. Rd1 Rg5 27. Rxd2 Ra4 28. Nb4 Be7 29. Kf1 Rg7 30. Rb2 Bd6 31. Rc3 Kf7 32. Kf2 Kf6 33. Rbb3 h5 34. Rc4 h4 35. Rbc3 Ra5 36. Rc6 Rg8 37. Rb3 Kg5 38. Rc1 Bc5+ 39. Kf3 Rga8 40. Rcc3 Ra4 41. Ke2 Kg4 42. Kd1 Bd6 43. Kc2 Kh5 44. Kb1 R4a5 45. Kb2 Rc5 46. Nd3 Rxc3 47. Rxc3 h3 48. gxh3 Ra4 49. Nf2 Kh4 50. Rf3 Bc5 51. Nd3 Rxe4 52. Nxc5 bxc5 53. Kc3 Rd4 54. Kb3 c4+ 55. Kb4 Rd3 56. Rf1 Kxh3 57. Kxc4 Rxa3 58. Rf2 f3 59. Kb4 Rd3 60. Ka5 e4 61. Kb5 1-0

[Event "GER HL-175 email"]
[Site "GER email"]
[Date "2009.11.30"]
[Round "?"]
[White "Von Wnuck, Marek"]
[Black "Jaspert, Juergen"]
[Result "0-1"]
[WhiteElo "1640"]
[BlackElo "1759"]
[PlyCount "52"]
[EventDate "2009.??.??"]
[EventType "tourn (corr)"]
[EventRounds "6"]
[EventCountry "GER"]
[SourceTitle "Corr 2020"]
[Source "ChessBase"]
[SourceDate "2019.09.30"]
[SourceVersion "1"]
[SourceVersionDate "2019.09.30"]
[SourceQuality "1"]

1. e4 e5 2. f4 exf4 3. Nf3 g5 4. h4 g4 5. Ng5 d5 6. d4 h6 7. Nxf7 Kxf7 8. Bxf4 Nf6 9. Nc3 Bb4 10. Bd3 dxe4 11. Bc4+ Kg6 12. 0-0 Nc6 13. h5+ Kg7 14. a3 Ba5 15. Be3 Bxc3 16. bxc3 Nxh5 17. Qe2 Qh4 18. Rf7+ Kg6 19. Raf1 g3 20. R1f4 Qh2+ 21. Kf1 Nxf4 22. Rxf4 Qh1+ 23. Bg1 Bf5 24. Bf7+ Kxf7 25. Rxf5+ Ke8 26. Qxe4+ Ne7 0-1